000 00512nam a2200181Ia 4500
005 20250508152402.0
008 008 250505s9999 xx 000 0 hin d
037 _aTextual
040 _aFEDL
_beng
_cFEDL
041 _ahin
_2eng
084 _a891.43109, DWI
_qFEDL
100 _aDwivedi Hajariprasad
_9410980
245 0 _aJag aura unique padmavat
260 _aDelhi, India
_bHindi Sahitya Sansar
_c1959
300 _a868p.
942 _cTEXL
_h891.43109, DWI
999 _c1336093
_d1336093